Ελληνική Αεροπορική Βιομηχανία / 40 Χρόνια/ Years - 1975-2015 (Record no. 3131)
[ view plain ]
| 000 -LEADER | |
|---|---|
| fixed length control field | 01175cam a22001934a 4500 |
| 005 - ΗΜΕΡΟΜΗΝΙΑ ΚΑΙ ΩΡΑ ΤΕΛΕΥΤΑΙΑΣ ΕΝΗΜΕΡΩΣΗΣ | |
| Πεδίο ελέγχου | 20250605163352.0 |
| 008 - FIXED-LENGTH DATA ELEMENTS--GENERAL INFORMATION | |
| Πεδίο ελέγχου σταθερού μήκους | 250528s ||||||||||||||||||||||||d |
| 035 ## - SYSTEM CONTROL NUMBER | |
| System control number | 17730 |
| 020 ## - ISBN | |
| ISBN | 9789604646654 |
| 040 ## - ΠΗΓΗ ΚΑΤΑΛΟΓΟΓΡΑΦΗΣΗΣ | |
| Φορέας πρωτότυπης καταλογογράφησης | MC Athens Campus Library |
| Γλώσσα καταλογογράφησης | Ελληνικά, Μοντέρνα (1453-) |
| Modifying agency | MC Athens Campus Library |
| Κανόνες περιγραφικής καταλογογράφησης | AACR2 |
| 245 1# - ΤΙΤΛΟΣ ΚΑΙ ΔΗΛΩΣΗ ΥΠΕΥΘΥΝΟΤΗΤΑΣ | |
| Τίτλος | Ελληνική Αεροπορική Βιομηχανία / 40 Χρόνια/ Years - 1975-2015 |
| 260 ## - PUBLICATION, DISTRIBUTION, ETC. | |
| Name of publisher, distributor, etc. | Διεύθυνση Δημοσίων Σχέσεων & Υπηρεσίας Τύπου Εαβ, |
| Date of publication, distribution, etc. | 2015 |
| 300 ## - PHYSICAL DESCRIPTION | |
| Extent | 166 |
| 520 ## - SUMMARY, ETC. | |
| Summary, etc. | Πρόλογος, Χαιρετισμοί, Η Ίδρυση, Οι Εγκαταστάσεις, ΕΑΒ και Δήμος Τανάγρας, Αεροσκάφη, Κινητήρες, Αεροκατασκευές, Ηλεκτρονικά, Έρευνα και Ανάπτυξη, Εκπαίδευση, Ποιότητα, Περιβάλλον, Εταιρική Υπευθυνότητα, Ιερός Ναός Αγίας Ευγενίας, Εργασιακός Αθλητισμός, Σωματείο Εργαζομένων ΕΑΒ, 40 Χρόνια Εμπειρία, Αντί Επιλόγου, Διοικήσεις. |
| 942 ## - ADDED ENTRY ELEMENTS (KOHA) | |
| Koha item type | Books |
| Τύπος τεκμηρίου | Βιβλιοθήκη | Τρέχουσα τοποθεσία | Barcode | Αριθμός εισαγωγής | Ημερομηνία απόκτησης | Ταξιθετικό σύμβολο | Αριθμός αντιτύπου | Κατάσταση απόσυρσης | Κατάσταση χαμένου | Κατάσταση κατεστραμμένου | Μη δανεισμός | Σύνολο δανεισμών | Ημερομηνία τελευταίας εμφάνισης | Η τιμή ισχύει από |
|---|---|---|---|---|---|---|---|---|---|---|---|---|---|---|
| Books | MC Athens Campus Library | MC Athens Campus Library | 9780000031303 | 6229 | 05/06/2025 | 629.1 EAB | 1 | 05/06/2025 | 05/06/2025 |